000 00371nam a2200133Ia 4500
008 220217s9999||||xx |||||||||||||| ||und||
020 _a978-81-280-1260-0
082 _a532 HEG
100 _aHegde, R.K & Murthy, Niranjan
_96540
245 0 _aFluid mechanics and machinery
260 _aSapna book house
_bNew Delhi
_c2010
300 _b175
650 _aMECHANICHAL
999 _c179888
_d179888